| 000 | 00680cam a2200217u 4500 | ||
|---|---|---|---|
| 999 |
_c2992 _d2992 |
||
| 001 | 7826106 | ||
| 003 | GBCCL | ||
| 005 | 20241126110444.0 | ||
| 008 | 830118s1934 tnu f 000 0 eng | ||
| 010 | _a 34034411 | ||
| 040 |
_aDLC _cCarP _dDLC |
||
| 050 | 0 | 0 |
_aBX6345 _b.H6 |
| 082 |
_a253 _bHOB |
||
| 100 | 1 |
_aHobbs, James Randolph, _d1874- [from old catalog] _96228 |
|
| 245 | 1 | 4 | _aThe pastor's manual |
| 260 |
_a[Nashville, _bSunday school board, Southern Baptist convention, _c1934] |
||
| 300 |
_a2 p.l., 3-253 p. _c17 cm. |
||
| 650 | 0 |
_aPastoral theology _xBaptists _vHandbooks, manuals, etc. _96229 |
|
| 906 |
_a0 _bcbc _cpremunv _du _encip _f19 _gy-gencatlg |
||
| 942 |
_2ddc _cBK _03 |
||